000 00364nam a2200133Ia 4500
005 20260326235452.0
008 260326s9999||||xx |||||||||||||| ||und||
100 _aHunter, C. Bruce
245 2 _aA Guide to Ancient Maya ruins /
_cC. Bruce Hunter
260 _bUniversity of Oklahoma Press
300 _a342 p.
650 _aARQUITECTURA MESOAMÉRICANA
942 _cBK
999 _c7804
_d7804